00828nam a2200193Ia 4500003000900000008004100009020001400050040001600064080001500080110002600095111009200121245021100213260004500424300002300469650004100492650001900533650000800552710007400560IN-BaIIA211028s9999 xx 000 0 eng d a0379-6566 cIIA Library a523.9bESA aEuropean Space Agency aEuropean Meeting on Solar Physics on Solar Physicsn4thcNoordwijkerhoutd1984 Oct. 1-3 4aThe hydromagnetics of the sunbproceedings of the fourth European Meeting on Solar Physics, Noordwijkerhout, the Netherlands, 1-3 October 1984 cEuropean Space Agency  aMario-NikisbEuropean Space Agencyc1984 a[various pagings.] aAstronomy and Astrophysics thesaurus aHydromagnetics aSun aSolar Physics Section of the European Physical Society, Observatory